Представление документа в формате RUSMARC

ПолеНазваниеЗначение
  Тип записи l
  Библиографический уровень m
001 Контрольный номер DONNUET/MAIN/1c18bbe5a1ad4504ba7084a5b246a640
005 Дата корректировки 20260529135746.6
101 Язык документа 0_
a Язык текста rus
102 Страна публикации __
a Страна публикации RU
181 Поле кодированных данных: вид содержания _0
a Код вида содержания (ISBD) i
182 Поле кодированных данных: тип средства _0
a Код типа средства (ISBD) b
200 Заглавие и сведения об ответственности 1_
a Заглавие Научно-исследовательская работа по теме выпускной квалификационной работы (рассредоточенная)
e Сведения, относящиеся к заглавию методические рекомендации по организации и прохождению практики для студентов очной и заочной форм обучения направления подготовки 38.04.03 «Управление персоналом»
f Первые сведения об ответственности С.Б. Алексеев, С.М. Баранцева, Е.Н. Смирнов
g Последующие сведения об ответственности Министерство науки и высшего образования Российской Федерации, Донецкий национальный университет экономики и торговли имени Михаила Туган-Барановского, Кафедра экономики предприятия и управления персоналом
203 Вид содержания и тип средства __
a Вид содержания Текст
c Тип средства электронный
210 Выходные данные 1_
a Место издания Донецк
d Дата издания 2026
215 Физическое описание __
a Объем 26 с.
337 Примечание о системных требованиях (электронные ресурсы) __
a Примечание о системных требованиях (электронные ресурсы) URL:http://elibrary.donnuet.ru:54041/megapro/Download/ToView/40756
337 Примечание о системных требованиях (электронные ресурсы) __
a Примечание о системных требованиях (электронные ресурсы) Режим доступа: Электронная библиотека ДОННУЭТ
610 Ключевые слова 0_
a Ключевые слова научно-исследовательская работа (НИР)
610 Ключевые слова 0_
a Ключевые слова выпускная квалификационная работа (ВКР)
610 Ключевые слова 0_
a Ключевые слова содержание практики
610 Ключевые слова 0_
a Ключевые слова учебно-методическое обеспечение практики
610 Ключевые слова 0_
a Ключевые слова информационное обеспечение практики
610 Ключевые слова 0_
a Ключевые слова материально-техническое обеспечение практики
700 Автор _1
a Фамилия Алексеев
b Имя С.Б.
p Наименование/ адрес организации ДОННУЭТ
4 Код отношения 070
701 Альтернативная интеллектуальная ответственность _1
a Фамилия Баранцева
b Имя С.М.
p Наименование/ адрес организации Научная библиотека ДОННУЭТ
4 Код отношения 070
701 Альтернативная интеллектуальная ответственность _1
a Фамилия Смирнов
b Имя Е.Н.
p Наименование/ адрес организации ДОННУЭТ
4 Код отношения 070
711 Наименование организации. (Альтернативная ответственность) 02
a Организация/ юрисдикция Министерство науки и высшего образования Роcсийской Федерации (РФ)
711 Наименование организации. (Альтернативная ответственность) 02
a Организация/ юрисдикция Донецкий национальный университет экономики и торговли имени Михаила Туган-Барановского (ДОННУЭТ)
b Другие уровни Кафедра экономики предприятия и управления персоналом
801 Источник записи _1
a Страна RU
b Организация DONNUET
g Правила каталогизации PSBO
852 Данные о местонахождении __
a Наименование организации Научная библиотека ДОННУЭТ
j Шифр хранения 2026
900 Электронные ресурсы __
a Имя электронного ресурса Алексеев С.Б. Научно-исслед. работа Методичка НИР УП
901 Тип документа __
t Тип документа m
905 Дата создания БЗ __
a Дата создания БЗ 20260528
b Логин сотрудника, создавшего запись Tsvetkova
952 Тип литературы __
a Тип литературы для КСУ ВШ УМПЭ
a Тип литературы для КСУ ВШ УМПО
c Вид литературы учебно-методическое издание